Statistiken für Geklonte Tiere

Klicken Sie hier um das Quiz zu spielen!

Allgemein

  • Dieses Quiz wurde 11 mal gespielt
  • Das Durchschnittsergebnis liegt bei 11 aus 27

Antwortstatistiken

JahrKlasseOrdnungLat. NameArt% Korrekt
1996SäugetierePaarhuferOvis ariesHausschaf
100%
2001SäugetiereRaubtiereFelis catusHauskatze
80%
2003SäugetiereUnpaarhuferEquus caballusHauspferd
80%
2000SäugetierePaarhuferSus domesticusHausschwein
80%
2005SäugetiereRaubtiereCanis lupusWolf / Haushund
80%
1997SäugetiereNagetiereMus musculusHausmaus
70%
1997SäugetierePaarhuferBos taurusHausrind
70%
2003SäugetiereNagetiereRattus norvegicusWanderratte
70%
2009SäugetierePaarhuferCamelus dromedariusDromedar
60%
2017SäugetierePrimatenMacaca fascicularisJavaneraffe
60%
1958AmphibienFroschlurcheXenopus sp.Krallenfrosch
60%
2007SäugetierePrimatenMacaca mulattaRhesusaffe
60%
2002SäugetiereHasenartigeOryctolagus cuniculusWildkaninchen (Hauskaninchen)
60%
2003SäugetierePaarhuferOdocoileus virginianusWeißwedelhirsch
50%
1963StrahlenflosserKarpfenartige?Karpfen
20%
2020SäugetiereUnpaarhuferEquus przewalskiiPrzewalski-Pferd
20%
2005InsektenZweiflüglerDrosophilidaeTaufliege
20%
2004SäugetiereRaubtiereMustela furoFrettchen
10%
2011SäugetiereRaubtiereCanis latransKojote
10%
2020SäugetiereRaubtiereMustela nigripesSchwarzfußiltis
10%
2003SäugetiereRaubtiereFelis lybicaAfrikanische Wildkatze
0%
2003SäugetierePaarhuferBos javanicusBanteng
0%
2001SäugetierePaarhuferBos gaurusGaur
0%
2001SäugetierePaarhuferCapra hircusHausziege
0%
2003SäugetierePaarhuferCapra pyrenaicaIberiensteinbock
0%
2001SäugetierePaarhuferOvis gmeliniMufflon
0%
2009SäugetierePaarhuferBubalus bubalisWasserbüffel
0%

Verteilung der Resultate

Perzentil nach korrekt beantworteten Fragen

Anzahl Personen mit jedem Resultat

Ihre Resultats-Entwicklung

Sie haben dieses Quiz noch nicht gespielt